000 00387nam a2200145 4500
001 132328
003 ES-MaACL
007 t|
008 070214s1930 sp r ||||1| spa d
100 1 _aRomero Basart, Luis.
_999357
245 1 0 _aBuitres
_b: pro aviación /
_ccomandante Romero.
260 _aMadrid :
_bZeus,
_c1930.
300 _a196 p. ;
_c19 x 12 cm.
852 _aES-MaACL
_jB-6052
999 _c132328
_d132328